<?xml version="1.0" encoding="UTF-8"?><?xml-stylesheet type="text/xsl" href="static/style.xsl"?><OAI-PMH xmlns="http://www.openarchives.org/OAI/2.0/" xmlns:xsi="http://www.w3.org/2001/XMLSchema-instance" xsi:schemaLocation="http://www.openarchives.org/OAI/2.0/ http://www.openarchives.org/OAI/2.0/OAI-PMH.xsd"><responseDate>2026-04-13T02:08:39Z</responseDate><request verb="GetRecord" identifier="oai:www.recercat.cat:2117/192433" metadataPrefix="marc">https://recercat.cat/oai/request</request><GetRecord><record><header><identifier>oai:recercat.cat:2117/192433</identifier><datestamp>2025-07-22T18:37:35Z</datestamp><setSpec>com_2072_1033</setSpec><setSpec>col_2072_452951</setSpec></header><metadata><record xmlns="http://www.loc.gov/MARC21/slim" xmlns:dcterms="http://purl.org/dc/terms/" xmlns:xsi="http://www.w3.org/2001/XMLSchema-instance" xmlns:doc="http://www.lyncode.com/xoai" xsi:schemaLocation="http://www.loc.gov/MARC21/slim http://www.loc.gov/standards/marcxml/schema/MARC21slim.xsd">
   <leader>00925njm 22002777a 4500</leader>
   <datafield ind2=" " ind1=" " tag="042">
      <subfield code="a">dc</subfield>
   </datafield>
   <datafield ind2=" " ind1=" " tag="720">
      <subfield code="a">Castell Ferreres, Gerard</subfield>
      <subfield code="e">author</subfield>
   </datafield>
   <datafield ind2=" " ind1=" " tag="260">
      <subfield code="c">2020-05</subfield>
   </datafield>
   <datafield ind2=" " ind1=" " tag="520">
      <subfield code="a">The main goal of this thesis is design and develop a progressive web application right&#xd;
from scratch. This new technology adds a stack of powerful capabilities to web apps in&#xd;
order to extend its boundaries, such as the possibility of being installed in desktop and&#xd;
mobile devices, no matter whether it is Android or iOS. Furthermore, it allows to interact&#xd;
with the web offline and receive push notifications among many other features supported,&#xd;
providing a more complete user experience.&#xd;
Whilst PWA plays the main role of the project, React could be considered as co-star. This&#xd;
is a popular javascript library created by Facebook and based in a composable&#xd;
architecture which leads to simplicity, lightweight and speed.&#xd;
Finally, to put into practice all features introduced I have developed a PWA that offers&#xd;
tools to build social stories. This stories are commonly used with the aim of help kids with&#xd;
Autism Spectrum Disorder and special needs learn to communicate.</subfield>
   </datafield>
   <datafield ind2=" " ind1=" " tag="520">
      <subfield code="a">L’objectiu principal d’aquesta tesis es dissenyar i desenvolupar una aplicació web&#xd;
progressiva. Esta nova tecnologia proporciona un conjunt de potents capacitats a les&#xd;
aplicacions web amb la fi d'estendre els seus límits, com per exemple permetre que sigui&#xd;
instal·lada a l’escriptori i en dispositius mòbils, sense importar si es tracta d’Android o&#xd;
d’iOS. A més, permet interactuar amb la web “offline” i rebre notificacions “push” entre&#xd;
moltes altres eines, oferint una experiència d’usuari més completa.&#xd;
Mentre que les PWA son el protagonista del projecte, React podria ser considerat el&#xd;
coprotagonista. Es tracta d'una popular llibreria de Javascript creada per Facebook i&#xd;
basada en una arquitectura composable que comporta simplicitat, lleugeresa i velocitat.&#xd;
Finalment, per posar en pràctica totes les eines presentades, he desenvolupat una PWA&#xd;
que ofereix instruments per construir històries socials. Aquestes històries socials són&#xd;
comunament utilitzades amb l’objectiu d’ajudar a aprendre a nens amb Trastorn de&#xd;
l’Espectre Autista i necessitats especials a comunicar-se.&#xd;
2</subfield>
   </datafield>
   <datafield ind2=" " ind1=" " tag="520">
      <subfield code="a">El objetivo principal de esta tesis es diseñar y desarrollar una aplicación web progresiva.&#xd;
Esta nueva tecnología proporciona un conjunto de potentes capacidades a las&#xd;
aplicaciones web con el fin de extender sus límites, como por ejemplo permite que la web&#xd;
sea instalada en el escritorio y en dispositivos móviles, sin importar si se trata de Android&#xd;
o iOS. Además, permite interactuar con la web “offline” y recibir notificaciones “push”&#xd;
entre muchas otras herramientas, ofreciendo una experiencia de usuario más completa.&#xd;
Mientras que las PWA son el protagonista del proyecto, React podría ser considerado el&#xd;
coprotagonista. Se trata de una popular librería de javascript creada por Facebook y&#xd;
basada en una arquitectura componible que comporta simplicidad, ligereza y velocidad.&#xd;
Finalmente, para poner en práctica todas las herramientas presentadas, he desarrollado&#xd;
una PWA que ofrece instrumentos para construir historias sociales. Estas historias son&#xd;
comúnmente utilizadas con el objetivo de ayudar a niños con Trastorno del Espectro&#xd;
Autista y necesidades especiales para aprender a comunicarse.</subfield>
   </datafield>
   <datafield tag="653" ind2=" " ind1=" ">
      <subfield code="a">Àrees temàtiques de la UPC::Enginyeria de la telecomunicació</subfield>
   </datafield>
   <datafield tag="653" ind2=" " ind1=" ">
      <subfield code="a">Cell phone systems</subfield>
   </datafield>
   <datafield tag="653" ind2=" " ind1=" ">
      <subfield code="a">Web applications</subfield>
   </datafield>
   <datafield tag="653" ind2=" " ind1=" ">
      <subfield code="a">Mobile apps</subfield>
   </datafield>
   <datafield tag="653" ind2=" " ind1=" ">
      <subfield code="a">Web</subfield>
   </datafield>
   <datafield tag="653" ind2=" " ind1=" ">
      <subfield code="a">Telefonia</subfield>
   </datafield>
   <datafield tag="653" ind2=" " ind1=" ">
      <subfield code="a">Movil</subfield>
   </datafield>
   <datafield tag="653" ind2=" " ind1=" ">
      <subfield code="a">React</subfield>
   </datafield>
   <datafield tag="653" ind2=" " ind1=" ">
      <subfield code="a">Telefonia mòbil</subfield>
   </datafield>
   <datafield tag="653" ind2=" " ind1=" ">
      <subfield code="a">Aplicacions web</subfield>
   </datafield>
   <datafield tag="653" ind2=" " ind1=" ">
      <subfield code="a">Aplicacions mòbils</subfield>
   </datafield>
   <datafield ind2="0" ind1="0" tag="245">
      <subfield code="a">Desarrollo e implementación de una aplicación web progresiva (PWA)</subfield>
   </datafield>
   <datafield ind2="0" ind1="0" tag="245">
      <subfield code="a">Development of progressive app web progresiva</subfield>
   </datafield>
   <datafield ind2="0" ind1="0" tag="245">
      <subfield code="a">Desarrollo de una app web progresiva</subfield>
   </datafield>
</record></metadata></record></GetRecord></OAI-PMH>